| 000 | 01056nam a2200217Ia 4500 | ||
|---|---|---|---|
| 001 | 19432 | ||
| 003 | GE_BSU | ||
| 008 | 181216s||||||||xx |||||||||||||| ||und|| | ||
| 040 | _cGE_BSU | ||
| 245 | _aიბერიულ-კავკასიური ენათმეცნიერება XI = иберийско-кавказкое языкознание=IVERO-CAUCASIA | ||
| 245 | _cსარედ:კოლ;ი.გიგინეიშვილი,ვ.თოფურია და სხვ;პას; რედ:ქ.ლომთათიძე | ||
| 260 | _aთბილისი | ||
| 260 | _bსაქართველოს მეცნიერებათა აკადემიის გამომცემლობა | ||
| 260 | _c1959 | ||
| 300 | _a389გვ;25სმ. | ||
| 541 | _h3ლ.96თ. | ||
| 653 | _aენათმეცნიერება | ||
| 653 | _aიბერიულ-კავკასიური ენათმეცნიერება XI | ||
| 653 | _aქართული ენა | ||
| 942 | _cBK | ||
| 999 |
_c52412 _d52412 |
||